000 00671nam a22002177a 4500
003 UA-OsUOA
001 56878
007 ta
008 20081114b un ||||| |||| 00| 0 ukr d
100 _aЗалізняк Л.Л.
090 _a902
_bЗ-12
942 _cSA
040 _aUA-OsUOA
_bukr
_cUA-OsUOA
_dUA-OsUOA
245 _aПолісько-дніпровська катастрофа фінального палеоліту з позиції археології
300 _aС.5-10
955 _a0
041 _aukr
080 _a902
773 0 _w56877
_tАрхеологія
_dК.
_d2008
_g3
650 7 _a9 Географія. Біографії. Історія
_2UDC
999 _c342944
_d342944